Creatividad y lenguaje: talleres literarios para niños

Salvato in:
Dettagli Bibliografici
Autori principali: Beuchat Reichardt, Cecilia (Autore), Lira, Teresita (Autore)
Natura: Libro
Lingua:spagnolo
Pubblicazione: Santiago Andrés Bello 1993
Soggetti:
Tags: Aggiungi Tag
Nessun Tag, puoi essere il primo ad aggiungerne!!

MARC

LEADER 00000nam a2200000 a 4500
001 UCY0443
003 CL-VaPUC
008 940801e19930000CL |||||||||||||||||spa|d
082 0 4 |a 372.6  |b BEU  |2 21 
100 0 |a Beuchat Reichardt, Cecilia  |e author  |9 328157 
700 0 |a Lira, Teresita  |e author  |9 328158 
245 1 0 |a Creatividad y lenguaje: talleres literarios para niños 
300 |a 155 p 
942 |c BK 
945 |d 19940801 00:00:00  |a rbrito 
260 |a Santiago  |b Andrés Bello  |c 1993 
650 0 |a Literatura infantil   |9 307465 
650 7 |a LIBROS Y LECTURA PARA NIÑOS  |2 CL-VaPUC  |9 307463 
650 0 |a Aptitud creadora  |9 307292 
583 |a last modification  |c 19940801 00:00:00  |k Rodrigo Vera 
999 |c 229443  |d 229441 
952 |0 0  |1 0  |4 0  |6 372_600000000000000_BEU_1993  |7 0  |8 A  |9 230563  |a BIBEDU  |b BIBEDU  |c ES_NOD  |d 2019-11-15  |i 2996995  |o 372.6 BEU 1993  |p 2996995  |r 2023-08-09  |w 2019-11-15  |y BK  |k EPE